01099naa a2200157 a 450000100080000000500110000800800410001910000170006024501390007726000090021652005090022565300250073465300260075965300190078577301370080411205702014-04-11 2006 bl uuuu u00u1 u #d1 aMELLO, M. A. aO desenvolvimento rural no Oeste de Santa Catarinaban??lise de algumas proposi????es e perspectivas te??ricas.h[electronic resource] c2006 aNeste texto discute-se e analisam-se algumas elabora????es te??ricas que prop??em o desenvolvimento rural centrado na agricultura familiar, cotejando-as com algumas que est??o sendo discutidas no ??mbito rural europeu. Considerando as caracter??sticas da agricultura familiar do Oeste de Santa Catarina, bem como as do seu territ??rio, o objetivo ?? identificar em que medida essas elabora????es te??ricas e proposi????es voltadas ao desenvolvimento rural s??o adequadas ao contexto do Oeste catarinense. aAgricultura Familiar aDesenvolvimento Rural aEconomia Rural tIn: CONGRESSO BRASILEIRO DE ECONOMIA, ADMINISTRA????O E SOCIOLOGIA RURAL, 44., 2006, Fortaleza, CE. Anais... Bras??lia: Sober, 2006.